000 00241nam a2200121Ia 4500
100 _aauthor
942 _cBK
654 _aRegression analysis
245 _aApplied Regression Analysis
260 _b#N/A
546 _aENGLISH
999 _c35370
_d35370